| 000 | 00912nam a2200265 i 4500 | ||
|---|---|---|---|
| 001 | 11902 | ||
| 003 | KOSZ 005 | ||
| 005 | 20220506141521.0 | ||
| 008 | 070925s1969 pl g 000 0 pol | ||
| 015 | _aPB 1969/9105a | ||
| 040 |
_aWA N _cKOSZ 005/RW _dKOSZ 005/RW |
||
| 080 | _a323(680):323.1(680:=96) | ||
| 100 | 1 |
_aSkalski, Ernest _d(1935- ). _eAutor. |
|
| 245 | 1 | 0 |
_aApartheid / _cErnest Skalski. |
| 260 |
_aWarszawa : _b"Wiedza Powszechna", _c1969. |
||
| 300 |
_a200, [4] s. ; _c18 cm. |
||
| 380 | _aKsiążki. | ||
| 490 | 1 |
_aOmega : biblioteka wiedzy współczesnej ; _v147. |
|
| 650 | 4 | _aRasizm | |
| 651 | 4 | _aRepublika Południowej Afryki | |
| 710 | 2 |
_aPaństwowe Wydawnictwo Wiedza Powszechna _4pbl. |
|
| 830 | 0 |
_aOmega ; _v147. |
|
| 856 |
_uhttp://koha.tu.koszalin.pl/cgi-bin/koha/opac-detail.pl?biblionumber=11902 _yKatalog online BPK |
||
| 942 |
_2UKD _cKS |
||
| 999 |
_c11902 _d11902 |
||